| 000 | 01253cam a2200301 i 4500 | ||
|---|---|---|---|
| 001 | 768714001 | ||
| 003 | CO-MdFUSB | ||
| 005 | 20240527163425.0 | ||
| 008 | 240525t1972 -sp||||| |||| 00| 0 spa d | ||
| 040 | _cCO-MdFUSB | ||
| 041 | 0 | _aeng | |
| 082 | 0 | 4 |
_224 _a233.2 _b K475c |
| 100 | 1 |
_aKierkegaard, Sören (1813-1855) _eautor |
|
| 245 | 1 | 0 |
_aEl concepto de la angustia : _buna sencilla investigación psicológica orientada hacia el problema dogmático del pecado original / _cSören Kierkegaard |
| 250 | _aoctava edición | ||
| 264 | 1 |
_aEspaña : _bAustral, _c[1972] |
|
| 264 | 4 | _c©1972 | |
| 300 |
_a159 páginas _c; 18 cm |
||
| 336 |
_atexto _btxt _2rdacontent |
||
| 337 |
_2rdamedia _asin mediación _bn |
||
| 338 |
_2rdacarrier _avolumen _bnc |
||
| 505 | _aLa angustia como supuesto del pecado original, que a su vez la explica retrocediendo en la dirección de su origen. -- La angustia como consecuencia del pecado original. -- La angustia como consecuencia de aquel pecado que consiste en la falta de la conciencia del pecado. -- La angustia del pecado o la angustia como consecuencia del pecado en el individuo. | ||
| 563 | _aRústico | ||
| 653 | _aHamartología | ||
| 653 | _aFilosofía | ||
| 942 | _cBK | ||
| 945 | _aMiguel Ángel | ||
| 999 |
_c34689 _d34689 |
||